Sudden Death - Nachbarländer Tadschikistans - Statistiken

Allgemein
  • Dieses Quiz wurde 14 mal gespielt
  • Das Durchschnittsergebnis liegt bei 3 aus 6
Answers on the Grid
Answers color-coded by a green-red scale on the quiz's grid according to % correct below.
Tadschikistan🇹🇯
Tadschikistan🇹🇯
Usbekistan🇺🇿
China🇨🇳
Afghanistan🇦🇫
Kirgisistan🇰🇬
Pakistan🇵🇰
Russland🇷🇺
Turkmenistan🇹🇲
Kasachstan🇰🇿
Iran🇮🇷
Mongolei🇲🇳
Indien🇮🇳
Armenien🇦🇲
Georgien🇬🇪
Aserbaidschan🇦🇿
Irak🇮🇶
Türkei🇹🇷
Syrien🇸🇾
Jordanien🇯🇴
 
Antwortstatistiken
Antwort % Korrekt
Kirgisistan🇰🇬
67%
Tadschikistan🇹🇯
50%
Tadschikistan🇹🇯
50%
Afghanistan🇦🇫
42%
Usbekistan🇺🇿
42%
China🇨🇳
33%
Keine übereinstimmenden Quizze gefunden
Verteilung der Resultate
Anzahl Personen mit jedem Resultat
Perzentil nach korrekt beantworteten Fragen
Ihre Resultats-Entwicklung
Sie haben dieses Quiz noch nicht gespielt